Statistics for Most Populous U.S. State Capitals in 1960

Click here to take the quiz!

General Stats

  • This quiz has been taken 75 times
  • The average score is 7 of 10

Answer Stats

PopulationState Capital% Correct
697,197Boston
95%
487,455Atlanta
88%
471,316Columbus
83%
493,887Denver
78%
476,258Indianapolis
78%
439,170Phoenix
76%
219,958Richmond
69%
313,411St. Paul
66%
324,253Oklahoma City
57%
294,194Honolulu
38%

Score Distribution

Percentile by Number Answered

Percent of People with Each Score

Your Score History

You have not taken this quiz